000 00815nam a2200241 a 4500
001 BRCA_24
005 20190320202840.0
008 940224m19931994mx-a#####b---#000-0#spa-#
020 _a9686320059 (1)
020 _a9686320067 (2)
041 _aspa
044 _amx
050 4 _aNE2314
_p.I88 1993
100 1 _aIturriaga de la Fuente, José
_d1946-?
_9115
245 1 0 _aLitografía y grabado en el México del XIX
_cJosé N. Iturriaga.
260 _aMéxico
_bInversora Bursátil
_c1993-1994
300 _a2 v.
_bil. (algunas a color)
_c34 cm.
500 _aVol. 1 acompañado con un portafolio (12 hojas de láminas, il. a color de 41 x 61 cm.)
504 _aIncluye referencias bibliográficas
650 1 4 _aLitografía
_ySiglo XIX
_zMéxico
_9116
650 1 4 _aGrabado
_ySiglo XIX
_zMéxico
_9117
942 _2lcc
_cB
999 _c24
_d24